Word Ladder: Monopoly Token Quiz Stats

 Plays Quiz Updated May 11, 2013

Support Sporcle.
Go Orange.
Score 0/11 Timer 01:30
0 Plays Today
Clue 5-Letter Word % Correct
HandbagPURSE
98.5%
Hospital workerNURSE
97.9%
Relating to Vikings?NORSE
92%
Equine part of a Monopoly tokenHORSE
90.3%
Device for removing apple centersCORER
85.2%
Juice from pressed applesCIDER
81.6%
Computer programmerCODER
78.2%
Thick pastePURÉE
63.9%
Human part of a Monopoly tokenRIDER
61.1%
Shaman or doctor, essentiallyCURER
58.4%
Closer to 100%PURER
56.9%

Today's Daily Dose

You're not logged in!

Compare scores with friends on all Sporcle quizzes.
OR
Log In
Forgot?

From the Vault

Criteria Sorting Gallery: Famous Names

by biggs364

If you choose Clark Kent as a Grammy-winning pop singer, don't say we didn't warn you.
Remove Ads.
Support Sporcle.
Get the best of Sporcle when you Go Orange. This ad-free experience offers more features, more stats, and more fun while also helping to support Sporcle. Thank you for becoming a member.

Show Comments

Extras

Top Quizzes Today


Score Distribution

Your Account Isn't Verified!

In order to create a playlist on Sporcle, you need to verify the email address you used during registration. Go to your Sporcle Settings to finish the process.

Report this User

Report this user for behavior that violates our Community Guidelines.

Details: